[Event "POR-chT"]
[Site "Caldas da Rainha"]
[Date "2014.08.22"]
[Round "8.5"]
[White "Tiviakov, Sergei"]
[Black "Khodorov, Anatoli"]
[Result "1-0"]
[WhiteElo "2664"]
[BlackElo "2136"]
[PlyCount "47"]
[EventDate "2014.08.17"]
[EventType "team-tourn"]
[EventRounds "9"]
[EventCountry "POR"]
[SourceTitle "CBM 161 Extra"]
[Source "ChessBase"]
[SourceDate "2014.08.29"]
[SourceVersion "1"]
[SourceVersionDate "2014.08.29"]
[SourceQuality "1"]
[WhiteTeam "Gaia"]
[BlackTeam "Escola Joao de Meira"]
[WhiteTeamCountry "POR"]
[BlackTeamCountry "POR"]

1. e4 c6 2. d4 d5 3. Nd2 dxe4 4. Nxe4 Nf6 5. Nxf6+ gxf6 6. Nf3 Bg4 7. Be2 e6 8. Be3 Qc7 9. Nh4 Bxe2 10. Qxe2 Nd7 11. 0-0-0 0-0-0 12. Kb1 Bd6 13. g3 Nb6 14. c4 c5 15. d5 Rhe8 16. Qc2 f5 17. Ng2 Kb8 18. Nf4 Nc8 19. Rhe1 Ka8 20. Bc1 e5 21. Nh5 e4 22. Ng7 Qd7 23. Nxe8 Rxe8 24. f3 1-0

[Event "POR-chT"]
[Site "Caldas da Rainha"]
[Date "2014.08.19"]
[Round "4.3"]
[White "Berg, Emanuel"]
[Black "Khodorov, Anatoli"]
[Result "1-0"]
[WhiteElo "2554"]
[BlackElo "2136"]
[PlyCount "95"]
[EventDate "2014.08.17"]
[EventType "team-tourn"]
[EventRounds "9"]
[EventCountry "POR"]
[SourceTitle "CBM 161 Extra"]
[Source "ChessBase"]
[SourceDate "2014.08.29"]
[SourceVersion "1"]
[SourceVersionDate "2014.08.29"]
[SourceQuality "1"]
[WhiteTeam "Mata de Benfica"]
[BlackTeam "Escola Joao de Meira"]
[WhiteTeamCountry "POR"]
[BlackTeamCountry "POR"]

1. e4 c6 2. d4 d5 3. Nc3 dxe4 4. Nxe4 Nd7 5. Ng5 Ngf6 6. Bd3 e6 7. N1f3 Bd6 8. Qe2 h6 9. Ne4 Nxe4 10. Qxe4 Qc7 11. 0-0 b6 12. Qg4 g5 13. Qh3 Rg8 14. Nd2 Bb7 15. Ne4 0-0-0 16. Nxd6+ Qxd6 17. c3 c5 18. Rd1 cxd4 19. Bf1 f5 20. Rxd4 Qe5 21. Bd2 Qf6 22. a4 e5 23. Rc4+ Kb8 24. a5 g4 25. Qe3 f4 26. Qe1 h5 27. Rb4 h4 28. axb6 axb6 29. Ba6 Bc6 30. Bb5 h3 31. Qe2 g3 32. fxg3 fxg3 33. Bxc6 Qxc6 34. gxh3 Rdf8 35. hxg3 Rxg3+ 36. Kh2 Rff3 37. Rh4 Qf6 38. Qe4 Qg7 39. Rh7 Rg2+ 40. Kh1 Qxh7 41. Ra8+ Kc7 42. Ra7+ Kd8 43. Ra8+ Kc7 44. Ra7+ Kd8 45. Qxh7 Rxd2 46. Qg8+ Ke7 47. Qg5+ Rf6 48. Qxd2 1-0

[Event "POR-chT"]
[Site "Caldas da Rainha"]
[Date "2014.08.18"]
[Round "3.4"]
[White "Khodorov, Anatoli"]
[Black "Suarez Garcia, Carlos"]
[Result "0-1"]
[WhiteElo "2136"]
[BlackElo "2400"]
[PlyCount "88"]
[EventDate "2014.08.17"]
[EventType "team-tourn"]
[EventRounds "9"]
[EventCountry "POR"]
[SourceTitle "CBM 161 Extra"]
[Source "ChessBase"]
[SourceDate "2014.08.29"]
[SourceVersion "1"]
[SourceVersionDate "2014.08.29"]
[SourceQuality "1"]
[WhiteTeam "Escola Joao de Meira"]
[BlackTeam "TAP"]
[WhiteTeamCountry "POR"]
[BlackTeamCountry "POR"]

1. Nf3 d5 2. d4 Nf6 3. g3 Bf5 4. Bg2 e6 5. c4 c6 6. Qb3 Qb6 7. Nc3 h6 8. c5 Qc7 9. Bf4 Qc8 10. Qa4 Nbd7 11. b4 Ne4 12. Qb3 g5 13. Be3 Bg7 14. 0-0 b6 15. cxb6 axb6 16. Rac1 Qb7 17. b5 Nxc3 18. bxc6 Qxc6 19. Rxc3 Qa4 20. Rfc1 Qxb3 21. axb3 Ke7 22. Rc7 Ra3 23. h4 f6 24. Rb7 Rb8 25. Rxb8 Nxb8 26. Rc7+ Nd7 27. Nd2 Kd8 28. Rc6 Bf8 29. f3 Nb8 30. Rxb6 Kc7 31. Rb5 Bd6 32. f4 gxh4 33. gxh4 Kc6 34. Nc4 Kxb5 35. Nxd6+ Kc6 36. Nxf5 exf5 37. Bh3 Rxb3 38. Kf2 Kd6 39. Bxf5 Nc6 40. Bg4 Rb4 41. f5 Rxd4 42. Bxd4 Nxd4 43. e3 Nc6 44. Kg3 Ke5 0-1

[Event "POR-chT Province"]
[Site "Luso"]
[Date "2014.07.20"]
[Round "1.2"]
[White "Khodorov, Anatoli"]
[Black "Rodrigues, Jose AA"]
[Result "0-1"]
[WhiteElo "2153"]
[BlackElo "2110"]
[PlyCount "100"]
[EventDate "2014.07.19"]
[EventType "team"]
[EventRounds "2"]
[EventCountry "POR"]
[SourceTitle "EXT 2015"]
[Source "ChessBase"]
[SourceDate "2014.11.20"]
[SourceVersion "1"]
[SourceVersionDate "2014.11.20"]
[SourceQuality "1"]
[WhiteTeam "Braga"]
[BlackTeam "Porto AX"]
[WhiteTeamCountry "POR"]
[BlackTeamCountry "POR"]

1. Nf3 Nf6 2. d4 c5 3. g3 cxd4 4. Nxd4 Nc6 5. Bg2 Qb6 6. Nb3 e6 7. 0-0 d5 8. c4 d4 9. e3 e5 10. exd4 exd4 11. Re1+ Be7 12. Nxd4 Nxd4 13. Be3 Be6 14. Bxd4 Qb4 15. b3 Rd8 16. Bc3 Rxd1 17. Bxb4 Rxb1 18. Raxb1 Bxb4 19. Re2 b6 20. Bc6+ Ke7 21. a3 Bd6 22. Bd5 Re8 23. Bxe6 Kf8 24. Rbe1 Rxe6 25. Rxe6 fxe6 26. Rxe6 Bxa3 27. Rc6 Bc5 28. Kg2 a5 29. f3 Ke7 30. Rc7+ Nd7 31. f4 Kd6 32. Rc8 Bd4 33. g4 Bb2 34. Re8 Nc5 35. Re3 Bd4 36. Rh3 h6 37. Kf3 Nxb3 38. Ke4 a4 39. g5 hxg5 40. fxg5 a3 41. Rxb3 a2 42. Kxd4 a1Q+ 43. Ke4 Qe5+ 44. Kf3 Qf5+ 45. Kg3 Qxg5+ 46. Kh3 Qf5+ 47. Kg3 Kc6 48. Re3 Kc5 49. Rb3 Qg6+ 50. Kf4 Kxc4 0-1

[Event "POR-chT 52nd"]
[Site "Vila Nova de Gaia"]
[Date "2010.07.30"]
[Round "7.5"]
[White "Cuenca Jimenez, Jose Fernando"]
[Black "Khodorov, Anatoli"]
[Result "1-0"]
[WhiteElo "2464"]
[BlackElo "2180"]
[PlyCount "91"]
[EventDate "2010.07.24"]
[EventType "team-tourn"]
[EventRounds "9"]
[EventCountry "POR"]
[SourceTitle "EXT 2011"]
[Source "ChessBase"]
[SourceDate "2010.11.26"]
[SourceVersion "1"]
[SourceVersionDate "2010.11.26"]
[SourceQuality "1"]
[WhiteTeam "Faro"]
[BlackTeam "Amiguinhos"]
[WhiteTeamCountry "POR"]
[BlackTeamCountry "POR"]

1. Nf3 Nf6 2. c4 g6 3. Nc3 d5 4. Qa4+ c6 5. cxd5 Nxd5 6. Nxd5 Qxd5 7. e4 Qd8 8. d4 Bg7 9. Be2 0-0 10. 0-0 Nd7 11. Rd1 Nb6 12. Qc2 Bg4 13. Be3 Qd6 14. a4 Rac8 15. a5 Na8 16. Qb3 Qb8 17. h3 Bd7 18. Bg5 Nc7 19. Bxe7 Rfe8 20. Qa3 b6 21. Ne5 Bxe5 22. dxe5 Be6 23. Bf6 h6 24. Qg3 bxa5 25. Qh4 Kh7 26. Bg5 Rh8 27. Bc1 Qb4 28. Qxh6+ Kg8 29. Qe3 Nb5 30. f4 a4 31. Bf1 Bb3 32. Rd7 Be6 33. Rd2 Kh7 34. Rf2 Qd4 35. Qxd4 Nxd4 36. Rxa4 Rhd8 37. Be3 c5 38. Rxa7 Nc6 39. Ra3 Rd1 40. Rd3 Rb1 41. Rc3 c4 42. f5 Bd7 43. Bg5 Re1 44. Rf4 gxf5 45. Rh4+ Kg6 46. Rg3 1-0

[Event "POR-chT 52nd"]
[Site "Vila Nova de Gaia"]
[Date "2010.07.27"]
[Round "4.7"]
[White "Damaso, Rui"]
[Black "Khodorov, Anatoli"]
[Result "1/2-1/2"]
[WhiteElo "2386"]
[BlackElo "2180"]
[PlyCount "88"]
[EventDate "2010.07.24"]
[EventType "team-tourn"]
[EventRounds "9"]
[EventCountry "POR"]
[SourceTitle "EXT 2011"]
[Source "ChessBase"]
[SourceDate "2010.11.26"]
[SourceVersion "1"]
[SourceVersionDate "2010.11.26"]
[SourceQuality "1"]
[WhiteTeam "Barreirense"]
[BlackTeam "Amiguinhos"]
[WhiteTeamCountry "POR"]
[BlackTeamCountry "POR"]

1. d4 Nf6 2. Nf3 g6 3. c4 Bg7 4. g3 0-0 5. Bg2 c6 6. 0-0 d5 7. cxd5 cxd5 8. Ne5 Nc6 9. Nc3 Bf5 10. Nxc6 bxc6 11. Bf4 Nd7 12. Qd2 e5 13. dxe5 Nxe5 14. b3 Re8 15. Rac1 Rc8 16. Na4 Nd7 17. Rfe1 Be4 18. Bh3 d4 19. Nc5 Nxc5 20. Bxc8 Nxb3 21. axb3 Qxc8 22. b4 Qf5 23. f3 Bd5 24. e4 dxe3 25. Rxe3 Rxe3 26. Qxe3 h5 27. Rd1 Qc2 28. Qd3 Qb2 29. Bd6 a6 30. Bc5 Qf6 31. Bd4 Qxf3 32. Qxf3 Bxf3 33. Rd2 Bd5 34. Bxg7 Kxg7 35. Kf2 Kf6 36. Ke3 Ke5 37. h4 f6 38. Rf2 g5 39. Kd3 gxh4 40. gxh4 f5 41. Ke3 Be4 42. Rf1 Bd5 43. Rf2 Be4 44. Rf1 Bd5 1/2-1/2

[Event "POR-chT 52nd"]
[Site "Vila Nova de Gaia"]
[Date "2010.07.26"]
[Round "3.1"]
[White "Karim, Ismael"]
[Black "Khodorov, Anatoli"]
[Result "1-0"]
[WhiteElo "2355"]
[BlackElo "2180"]
[PlyCount "91"]
[EventDate "2010.07.24"]
[EventType "team-tourn"]
[EventRounds "9"]
[EventCountry "POR"]
[SourceTitle "EXT 2011"]
[Source "ChessBase"]
[SourceDate "2010.11.26"]
[SourceVersion "1"]
[SourceVersionDate "2010.11.26"]
[SourceQuality "1"]
[WhiteTeam "Porto"]
[BlackTeam "Amiguinhos"]
[WhiteTeamCountry "POR"]
[BlackTeamCountry "POR"]

1. e4 c6 2. d4 d5 3. f3 g6 4. Nc3 Bg7 5. Be3 Qb6 6. Qd2 Qxb2 7. Rb1 Qa3 8. Bd3 Nd7 9. Nge2 dxe4 10. fxe4 Ngf6 11. 0-0 0-0 12. Bh6 e5 13. Bxg7 Kxg7 14. Qg5 exd4 15. e5 Ng8 16. e6 Ndf6 17. exf7 Rxf7 18. Nf4 dxc3 19. Bxg6 hxg6 20. Nxg6 Bd7 21. Ne5+ Kf8 22. Nxf7 Kxf7 23. Rxb7 Qd6 24. Rbb1 Qd5 25. Qg3 Re8 26. Rbd1 Qc5+ 27. Kh1 Re7 28. Rd3 Qb5 29. Qf2 Be6 30. Rxc3 Bxa2 31. Rh3 Kf8 32. Rf3 Qe5 33. Rf5 Qe6 34. Qh4 Ke8 35. Qf4 Bd5 36. h3 Qe4 37. Qb8+ Kf7 38. R1f2 a5 39. Kh2 a4 40. Qg3 Qe3 41. Qd6 Qe4 42. c4 Qxc4 43. Rxf6+ Nxf6 44. Rxf6+ Ke8 45. Qb8+ Kd7 46. Rd6# 1-0

[Event "Guimaraes op"]
[Site "Guimaraes"]
[Date "2007.09.08"]
[Round "5"]
[White "Khodorov, Anatoli"]
[Black "Pena Torres, Jose Carlos"]
[Result "1/2-1/2"]
[WhiteElo "2064"]
[BlackElo "2131"]
[PlyCount "143"]
[EventDate "2007.09.04"]
[EventType "swiss"]
[EventRounds "7"]
[EventCountry "POR"]
[SourceTitle "EXT 2009"]
[Source "ChessBase"]
[SourceDate "2008.11.26"]
[SourceVersion "1"]
[SourceVersionDate "2008.11.26"]
[SourceQuality "1"]

1. Nf3 d5 2. d4 Nf6 3. Bf4 e6 4. e3 Bd6 5. Ne5 Nbd7 6. Nd2 Nf8 7. Bd3 c6 8. 0-0 Ng6 9. Bg3 Bxe5 10. dxe5 Nd7 11. Nf3 Nc5 12. Be2 Ne4 13. c4 Qb6 14. Qc2 Qc7 15. Bf4 0-0 16. Bd3 Nc5 17. cxd5 Nxd3 18. d6 Nb4 19. Qc4 Qb6 20. h4 Nxf4 21. Qxf4 Nd5 22. Qg4 f6 23. e4 f5 24. Qh5 Nf4 25. Qg5 fxe4 26. Nd2 Qd8 27. Qg4 h5 28. Qd1 Qxh4 29. Nxe4 b6 30. Rc1 Ba6 31. Re1 Nd3 32. Qa4 Qf4 33. Qxa6 Nxc1 34. Qc4 Qxe5 35. Qxc1 c5 36. Ng5 Qf5 37. f3 Rf6 38. Ne4 Rg6 39. Qe3 Rf8 40. Rd1 Qe5 41. d7 Qc7 42. Qc3 h4 43. Qd3 Rd8 44. Nd6 Rg5 45. Qe3 Rg6 46. Qe4 Rh6 47. Nb5 Qg3 48. Nxa7 Rg6 49. f4 h3 50. Nc6 Qxg2+ 51. Qxg2 Rxg2+ 52. Kh1 Rxd7 53. Rxd7 Rxb2 54. Nd8 c4 55. Rc7 b5 56. Nxe6 Rxa2 57. Rxg7+ Kh8 58. Rc7 Re2 59. Ng5 h2 60. Nh7 Kg8 61. f5 c3 62. Nf6+ Kf8 63. Rxc3 Kf7 64. Ng4 Re4 65. Ne3 b4 66. Rb3 Rh4 67. Nd5 Rh5 68. Ne3 Rh4 69. Ng2 Rh5 70. Ne3 Rh4 71. Rb2 Kf6 72. Nd5+ 1/2-1/2